[Event "Aragon-ch Seniors 50+"]
[Site "Zaragoza"]
[Date "2019.06.01"]
[Round "7"]
[White "Garcia Estruch, Mauricio"]
[Black "Alvaro Rada, Gonzalo"]
[Result "1-0"]
[WhiteElo "1490"]
[BlackElo "1285"]
[PlyCount "49"]
[EventDate "2019.04.27"]
[EventType "swiss"]
[EventRounds "8"]
[EventCountry "ESP"]
[SourceTitle "EXT 2020"]
[Source "ChessBase"]
[SourceDate "2019.10.17"]
[SourceVersion "1"]
[SourceVersionDate "2019.10.17"]
[SourceQuality "1"]

1. Nf3 c6 2. e4 Qc7 3. d4 d6 4. Nc3 Bg4 5. Be2 Nd7 6. Be3 h6 7. 0-0 g5 8. d5 Bg7 9. Nd4 Bxe2 10. Qxe2 Ngf6 11. Nf5 Bf8 12. f3 Nb6 13. Bd4 0-0-0 14. dxc6 bxc6 15. a4 e5 16. Bxb6 Qxb6+ 17. Kh1 a5 18. Rfd1 Nh5 19. Qc4 Kb8 20. Rab1 Rd7 21. b4 Rb7 22. bxa5 Qxa5 23. Rxb7+ Kxb7 24. Rb1+ Kc7 25. Qxf7+ 1-0

[Event "Aragon-ch Seniors 50+"]
[Site "Zaragoza"]
[Date "2019.05.04"]
[Round "3"]
[White "Garcia Estruch, Mauricio"]
[Black "Fernandez Sierra, Pedro Jose"]
[Result "0-1"]
[WhiteElo "1490"]
[BlackElo "1502"]
[PlyCount "94"]
[EventDate "2019.04.27"]
[EventType "swiss"]
[EventRounds "8"]
[EventCountry "ESP"]
[SourceTitle "EXT 2020"]
[Source "ChessBase"]
[SourceDate "2019.10.17"]
[SourceVersion "1"]
[SourceVersionDate "2019.10.17"]
[SourceQuality "1"]

1. Nf3 d5 2. d4 Bf5 3. c4 e6 4. Nc3 Nc6 5. a3 a5 6. c5 Nf6 7. Bg5 h6 8. Bh4 g5 9. Bg3 Ne4 10. e3 h5 11. h3 Nxg3 12. fxg3 Bg7 13. Bb5 Ke7 14. Bd3 g4 15. Nh4 Bxd3 16. Qxd3 Bf6 17. 0-0-0 Kd7 18. Rdf1 Qe7 19. Kd2 Bxh4 20. gxh4 f5 21. hxg4 hxg4 22. g3 Na7 23. Rh2 c6 24. Na4 Nc8 25. Qb3 Ke8 26. Qc3 Qc7 27. Rg2 Rh7 28. Qb3 Ra6 29. Qd3 Ra8 30. Rb1 b5 31. cxb6 Nxb6 32. Nc5 Nc4+ 33. Kc1 Qd6 34. Nb7 Qe7 35. Nc5 e5 36. Re2 e4 37. Qc3 Qc7 38. Rg2 Ra7 39. Ne6 Qb6 40. Nc5 a4 41. Rf2 Rhf7 42. Re2 Ke7 43. Qb4 Qxb4 44. axb4 a3 45. bxa3 Rxa3 46. Nb3 Kd6 47. Kc2 Rfa7 0-1

[Event "Aragon-chT Preferente B"]
[Site "Aragon"]
[Date "2017.01.28"]
[Round "1.60"]
[White "Garcia Estruch, Mauricio"]
[Black "Muro Turon, Raul"]
[Result "0-1"]
[WhiteElo "1337"]
[BlackElo "1935"]
[PlyCount "60"]
[EventDate "2017.01.28"]
[EventType "team-tourn"]
[EventRounds "9"]
[EventCountry "ESP"]
[SourceTitle "EXT 2018"]
[Source "ChessBase"]
[SourceDate "2017.10.13"]
[SourceVersion "1"]
[SourceVersionDate "2017.10.13"]
[SourceQuality "1"]
[WhiteTeam "Sabinanigo"]
[BlackTeam "Tauste"]
[WhiteTeamCountry "ESP"]
[BlackTeamCountry "ESP"]

1. Nf3 Nf6 2. c4 e6 3. d4 Bb4+ 4. Nc3 b6 5. g3 Bxc3+ 6. bxc3 Bb7 7. Bg2 d6 8. 0-0 0-0 9. Bg5 h6 10. Bxf6 Qxf6 11. Qc2 Nd7 12. Rfe1 Qe7 13. e4 e5 14. Rac1 Rfe8 15. dxe5 dxe5 16. Rcd1 Rad8 17. Nd2 a5 18. Nb3 a4 19. Nd2 Nc5 20. Bf1 Qe6 21. f3 Ba6 22. Kg2 Rd7 23. Nb1 Rxd1 24. Rxd1 Bxc4 25. Bxc4 Qxc4 26. Na3 Qe6 27. c4 Qe7 28. Nb5 Rd8 29. Rxd8+ Qxd8 30. Nc3 Qd7 0-1

[Event "Zaragoza Province-ch Primera"]
[Site "Zaragoza"]
[Date "2015.11.08"]
[Round "6"]
[White "Garcia Estruch, Mauricio"]
[Black "Budria Gimenez, Daniel"]
[Result "0-1"]
[WhiteElo "1275"]
[BlackElo "1681"]
[PlyCount "129"]
[EventDate "2015.09.27"]
[EventType "swiss"]
[EventRounds "6"]
[EventCountry "ESP"]
[SourceTitle "CBM 170 Extra"]
[Source "ChessBase"]
[SourceDate "2016.02.25"]
[SourceVersion "1"]
[SourceVersionDate "2016.02.25"]
[SourceQuality "1"]

1. Nf3 Nf6 2. c4 d6 3. Nc3 g6 4. g3 Bg7 5. Bg2 0-0 6. 0-0 Be6 7. d3 c6 8. e4 Na6 9. Qe2 Nc7 10. d4 Qc8 11. e5 Nfe8 12. Bf4 Bh3 13. d5 Bxg2 14. Kxg2 Qd7 15. Rad1 cxd5 16. cxd5 Rd8 17. Ng5 dxe5 18. Bxe5 f6 19. Bxc7 Nxc7 20. Ne6 Nxe6 21. dxe6 Qc6+ 22. Kg1 f5 23. Rd3 Rd6 24. Rxd6 Qxd6 25. Rd1 Qb6 26. Rd7 Bf6 27. Nd5 Qxb2 28. Qxb2 Bxb2 29. Rxe7 Rd8 30. Rd7 Re8 31. Nf6+ Bxf6 32. Rxb7 Re7 33. Rb8+ Kg7 34. Kg2 Rxe6 35. a4 Re7 36. Kf3 Bd4 37. Rd8 Bb6 38. Rd5 Kf6 39. a5 Bc7 40. Rc5 Bd8 41. Rb5 a6 42. Rd5 Bc7 43. Rc5 Kf7 44. h3 Ke8 45. Rc6 Bxa5 46. Rxa6 Bd8 47. Ra8 Rd7 48. Ke3 Kf7 49. Ke2 Bg5 50. Kf3 Rd3+ 51. Ke2 Rd2+ 52. Kf3 Ke6 53. Ra7 h6 54. Rg7 Kf6 55. Rg8 h5 56. h4 Bh6 57. Re8 Ra2 58. Re1 Bf8 59. Rc1 Bd6 60. Rc8 Ke5 61. Rg8 Kf6 62. Rc8 Ke5 63. Rg8 Bc5 64. Re8+ Kf6 65. Rg8 0-1

[Event "Zaragoza Province-ch Primera"]
[Site "Zaragoza"]
[Date "2015.11.01"]
[Round "5"]
[White "Muro Guerrero, Miguel"]
[Black "Garcia Estruch, Mauricio"]
[Result "1/2-1/2"]
[WhiteElo "1664"]
[BlackElo "1275"]
[PlyCount "109"]
[EventDate "2015.09.27"]
[EventType "swiss"]
[EventRounds "6"]
[EventCountry "ESP"]
[SourceTitle "CBM 170 Extra"]
[Source "ChessBase"]
[SourceDate "2016.02.25"]
[SourceVersion "1"]
[SourceVersionDate "2016.02.25"]
[SourceQuality "1"]

1. e4 c6 2. d4 d5 3. e5 Bf5 4. Nf3 e6 5. Be2 Ne7 6. Bg5 Qb6 7. Qc1 Nd7 8. c3 Rc8 9. b4 h6 10. Be3 Bh7 11. Nbd2 Nf5 12. 0-0 Be7 13. Nb3 0-0 14. Bd3 Nxe3 15. Bxh7+ Kxh7 16. fxe3 Qd8 17. Qc2+ Kg8 18. e4 Nb6 19. Na5 Rc7 20. a4 Nd7 21. Qd3 b6 22. Nb3 c5 23. bxc5 bxc5 24. Nbd2 c4 25. Qe2 Qa8 26. exd5 exd5 27. Rfb1 Qc6 28. Nf1 Rb7 29. Qc2 Rfb8 30. Ne3 Rb3 31. Nd2 R3b7 32. Rxb7 Rxb7 33. Rb1 Bg5 34. Kf2 Rxb1 35. Nxb1 Nb6 36. a5 Na4 37. Nxd5 Qxd5 38. Qxa4 Qe4 39. Qd1 Be3+ 40. Kf1 Qf5+ 41. Qf3 Qxb1+ 42. Ke2 Qd3+ 43. Ke1 Bd2+ 44. Kf2 Qxc3 45. Qa8+ Kh7 46. Qe4+ g6 47. e6 fxe6 48. Qb7+ Kg8 49. Qc8+ Kf7 50. Qc7+ Kf6 51. Qe5+ Ke7 52. Qc7+ Ke8 53. Qc8+ Kf7 54. Qc7+ Kf8 55. Qc8+ 1/2-1/2

[Event "Zaragoza Province-ch Primera"]
[Site "Zaragoza"]
[Date "2015.10.18"]
[Round "3"]
[White "Balaban, Adrian"]
[Black "Garcia Estruch, Mauricio"]
[Result "1-0"]
[WhiteElo "1690"]
[BlackElo "1275"]
[PlyCount "102"]
[EventDate "2015.09.27"]
[EventType "swiss"]
[EventRounds "6"]
[EventCountry "ESP"]
[SourceTitle "CBM 170 Extra"]
[Source "ChessBase"]
[SourceDate "2016.02.25"]
[SourceVersion "1"]
[SourceVersionDate "2016.02.25"]
[SourceQuality "1"]

1. e4 c6 2. d4 d5 3. exd5 cxd5 4. Nf3 Nf6 5. Bd3 Bg4 6. h3 Bxf3 7. Qxf3 Nc6 8. c3 e6 9. Bg5 Be7 10. Nd2 Qb6 11. b4 Rc8 12. 0-0 0-0 13. Rfc1 a6 14. Nb3 Rfd8 15. Nc5 Nd7 16. Bf4 Nxc5 17. bxc5 Qa5 18. Rcb1 g6 19. Bf1 Rd7 20. Rb2 Qa4 21. Rab1 Na5 22. Be2 Bd8 23. Bd1 Qc6 24. Rb6 Bxb6 25. Rxb6 Qxb6 26. cxb6 Nc4 27. Bh6 f5 28. Qe2 Rd6 29. Bb3 Kf7 30. Bxc4 Rxc4 31. Qe5 Ke7 32. Bf4 Rd7 33. Qg7+ Ke8 34. Qg8+ Ke7 35. Qxh7+ Ke8 36. Qxg6+ Ke7 37. Bd2 Ra4 38. Qg5+ Kd6 39. Bf4+ Kc6 40. Bc7 Rh7 41. Qg6 Re7 42. Qf6 Kd7 43. Qf8 Re8 44. Qd6+ Kc8 45. a3 Rc4 46. Qg3 Kd7 47. h4 Ra4 48. Bd6 Rc4 49. Bb4 Rc6 50. Bc5 a5 51. h5 Rcc8 1-0

[Event "Zaragoza-ch Segunda 1st"]
[Site "Zaragoza"]
[Date "2014.11.09"]
[Round "6.2"]
[White "Codina Escudero, Juan"]
[Black "Garcia Estruch, Mauricio"]
[Result "0-1"]
[WhiteElo "1544"]
[BlackElo "1505"]
[PlyCount "40"]
[EventDate "2014.09.28"]
[EventType "swiss"]
[EventRounds "9"]
[EventCountry "ESP"]
[SourceTitle "EXT 2024"]
[Source "ChessBase"]
[SourceDate "2023.10.10"]
[SourceVersion "1"]
[SourceVersionDate "2023.10.10"]
[SourceQuality "1"]

1. d4 e6 2. c4 f5 3. Nc3 Nf6 4. Bg5 b6 5. h3 Bb7 6. a3 a6 7. e3 Bd6 8. Nf3 h6 9. Bxf6 Qxf6 10. Be2 Nc6 11. 0-0 0-0-0 12. Rc1 g5 13. e4 Qg6 14. d5 Ne5 15. Qc2 Nxf3+ 16. Bxf3 h5 17. Rfe1 g4 18. Be2 gxh3 19. g3 Bxg3 20. fxg3 Qxg3+ 0-1

[Event "Zaragoza Otono op 1st"]
[Site "Zaragoza"]
[Date "2013.11.03"]
[Round "3"]
[White "Garcia Estruch, Mauricio"]
[Black "Ortin Blanco, Ainhoa"]
[Result "0-1"]
[WhiteElo "1221"]
[BlackElo "1692"]
[PlyCount "66"]
[EventDate "2013.10.27"]
[EventType "swiss"]
[EventRounds "6"]
[EventCountry "ESP"]
[SourceTitle "EXT 2015"]
[Source "ChessBase"]
[SourceDate "2014.11.20"]
[SourceVersion "1"]
[SourceVersionDate "2014.11.20"]
[SourceQuality "1"]

1. d4 Nf6 2. Nf3 d5 3. g3 e6 4. Bg2 Bd6 5. 0-0 0-0 6. Bg5 Nbd7 7. c4 b6 8. Nc3 Bb7 9. Qc2 h6 10. Bxf6 Nxf6 11. Nd2 a6 12. Rad1 c5 13. e3 Rc8 14. Nf3 cxd4 15. exd4 Rxc4 16. Qd3 Qe7 17. Rfe1 Rfc8 18. a3 Bxa3 19. bxa3 Rxc3 20. Qb1 b5 21. Qb4 Qc7 22. Ra1 Ne4 23. Rad1 Rc2 24. Rf1 Nd6 25. Rd2 Rc4 26. Qb2 a5 27. Rdd1 b4 28. axb4 Rxb4 29. Qd2 Ba6 30. Rfe1 Ne4 31. Qc1 Qb6 32. Qa3 Rc3 33. Qa1 Rc2 0-1

[Event "Zaragoza Otono op 1st"]
[Site "Zaragoza"]
[Date "2013.10.27"]
[Round "1"]
[White "Garcia Estruch, Mauricio"]
[Black "Gonzalez Mendoza Garcia, Jose Antonio"]
[Result "0-1"]
[WhiteElo "1221"]
[BlackElo "1859"]
[PlyCount "87"]
[EventDate "2013.10.27"]
[EventType "swiss"]
[EventRounds "6"]
[EventCountry "ESP"]
[SourceTitle "EXT 2015"]
[Source "ChessBase"]
[SourceDate "2014.11.20"]
[SourceVersion "1"]
[SourceVersionDate "2014.11.20"]
[SourceQuality "1"]

1. Nf3 d6 2. c4 Nd7 3. d4 e5 4. Nc3 g6 5. g3 Bg7 6. e3 Nh6 7. Bg2 0-0 8. 0-0 c6 9. Qc2 f6 10. b3 Nf7 11. Bb2 Qe7 12. Rfe1 f5 13. dxe5 dxe5 14. e4 Nf6 15. Rad1 Be6 16. a3 Nd7 17. Nd2 f4 18. Nf1 Ng5 19. f3 Rad8 20. g4 Nf7 21. h3 Qh4 22. Qf2 Bf6 23. Qxh4 Bxh4 24. Re2 Nc5 25. Rxd8 Rxd8 26. Rd2 Nxb3 27. Rxd8+ Bxd8 28. Nb1 Bxc4 29. Nbd2 Nxd2 30. Nxd2 Bb6+ 31. Kh2 Be6 32. Bf1 Bd4 33. Bc1 b5 34. Bd3 Nd6 35. Kg2 c5 36. Bc2 c4 37. Kf1 a5 38. Ke2 b4 39. axb4 axb4 40. Kd1 b3 41. Nxb3 cxb3 42. Bd3 b2 43. Bd2 Bb3+ 44. Ke1 0-1